ЁПС: Сборник рассказов и стихов

Dades bibliogràfiques
Autor principal: Ерофеев В. Виктор
Altres autors: Пригов Д. Дмитрий, Сорокин В. Владимир
Idioma:rus
Publicat: Москва, Зебра Е, 2002
Matèries:
Format: MixedMaterials Llibre
KOHA link:https://koha.lib.tpu.ru/cgi-bin/koha/opac-detail.pl?biblionumber=44061

MARC

LEADER 00000nam0a2200000 4500
001 44061
005 20231031021806.0
010 |a 5946630067 
035 |a (RuTPU)RU\TPU\book\45691 
090 |a 44061 
100 |a 20021104d2002 m y0rusy50 ca 
101 0 |a rus 
102 |a RU 
105 |a y z 000ay 
200 1 |a ЁПС  |e Сборник рассказов и стихов  |f В. Ерофеев, Д. Пригов, В. Сорокин 
210 |a Москва  |c Зебра Е  |d 2002 
215 |a 504 с. 
610 1 |a проза 
610 1 |a рассказы 
610 1 |a стихи 
675 |a Р2  |v 3 
700 1 |a Ерофеев  |b В.  |g Виктор 
701 1 |a Пригов  |b Д.  |g Дмитрий 
701 1 |a Сорокин  |b В.  |g Владимир 
801 1 |a RU  |b 63413507  |c 20021104  |g PSBO 
801 2 |a RU  |b 63413507  |c 20021121  |g PSBO 
942 |c BK